| 000 | 00855nam a2200265 i 4500 | ||
|---|---|---|---|
| 001 | 3971 | ||
| 003 | KOSZ 005 | ||
| 005 | 20220607144737.0 | ||
| 008 | 961010s1989 pl f |000 0 pol d | ||
| 040 |
_cKOSZ 005 _aKOSZ 005 _dKOSZ 005/HR |
||
| 041 | _apol | ||
| 046 | _k1989 | ||
| 080 | _a004.438 | ||
| 100 | 1 |
_aSzczepkowicz, Jerzy _d(1940-1997) _eAutor |
|
| 245 | 0 |
_aTurbo Pascal 4.0 z dodatkiem o wersji 5.0 / _cJerzy Szczepkowicz. |
|
| 260 |
_aWarszawa : _bWNT, _c1989. |
||
| 380 | _aKsiążki | ||
| 388 | _a1901-2000 | ||
| 388 | _a1989-2000 | ||
| 650 | 7 | _aPASCAL (język programowania) | |
| 658 | _aInformatyka i technologie informacyjne | ||
| 710 | 2 |
_aWydawnictwa Naukowo-Techniczne _4pbl |
|
| 856 |
_uhttp://koha.tu.koszalin.pl/cgi-bin/koha/opac-detail.pl?biblionumber=3971 _yKatalog online BPK |
||
| 942 |
_cKS _2UKD |
||
| 999 |
_c3971 _d3971 |
||